000 00490nmm a2200169Ia 4500
008 251105s9999||||xx |||||||||||||||||und||
020 _a9788499679556
041 _aspa
100 _aAlmarza González, Rubén
245 0 _aBreve historia del Japón Feudal
264 _a[Madrid, España] :
_bEdiciones Nowtilus,
_c2018
300 _a336 páginas
490 _aBreve historia
650 _aHistory (General)
856 _uhttps://public.digitaliapublishing.com/a/171853
942 _cCF
999 _c93209
_d93209